Kudowa-Zdrój, Duszniki-Zdrój, Polanica-Zdrój

Titel: Kudowa-Zdrój, Duszniki-Zdrój, Polanica-Zdrój : plany miast : city maps : Stadtpläne : městské plány / redakcja: Krzysztof Marciniak
Beteiligt:
Maßstab: 1:12 000-1:350 000
Veröffentlicht: Wrocław : Wydawnictwo Kartograficzne EKO-GRAF, 2019/2020
Umfang: 4 Karten auf 1 Blatt : beidseitig, farbig ; 48 x 68 cm, gefaltet 24 x 13 cm
Format: Karte
Sprache: Polnisch; Englisch; Tschechisch; Deutsch
Schlagworte:
ISBN: 9788361157281 ; 836115728X ; 9788361157083
Buchumschlag
X
alg: 49659185
001A    $03004:08-07-22 
001B    $03004:24-10-23 $t14:55:47.000 
001D    $03004:08-07-22 
001U    $0utf8 
001X    $00 
002@    $0Kau 
002C    $akartografisches Bild $bcri $2rdacontent 
002D    $aohne Hilfsmittel zu benutzen $bn $2rdamedia 
002E    $aBlatt $bnb $2rdacarrier 
003@    $0496591851 
003O    $01129869871 $aOCoLC 
004A    $A978-83-61157-28-1 
004A    $083-61157-28-X 
004D    $A978-83-61157-08-3 
007A    $0496591851 $aHEB 
010@    $apol $aeng $acze $ager 
010E    $erda 
011@    $a2019 $n2019/2020 
013D    $RKarte $#Ortsplan $#Stadtatlas $#Stadtpläne $74129845-7 $8Stadtplan [Ts1] $9085456683 
013D    $RGrafische Darstellung $#Cartes $#Maps $#Plans $#Amtliche Karte Formschlagwort $#Landkarte $#Wandkarte Formschlagwort $#Wanderkarte Formschlagwort $#Straßenkarte Formschlagwort $#Weltkarte Formschlagwort $#Karten $#Landkarten $#Kartenmaterial $#Geografische Karte $74029783-4 $8Karte [Tsz] $9085078743 
021A    $aKudowa-Zdrój, Duszniki-Zdrój, Polanica-Zdrój $dplany miast : city maps : Stadtpläne : městské plány $hredakcja: Krzysztof Marciniak 
028C    $BMitwirkender $4ctb $71116992515 $8Marciniak, Krzysztof B. [Tp3] $9389501832 
033A    $pWrocław $nWydawnictwo Kartograficzne EKO-GRAF 
034D    $a4 Karten auf 1 Blatt 
034I    $a48 x 68 cm, gefaltet 24 x 13 cm 
034M    $abeidseitig, farbig 
035E    $a1:12 000-1:350 000 
037A    $aMit touristischen Informationen 
037A    $aEnthält Nebenkarten: Kudowa-Zdrój (centrum), 1:6 500; Duszniki-Zdrój (centrum zdrojowe), 1:6 500; Polanica-Zdrój (centrum), 1:6 500; Zieleniec, 1:12 000 
037A    $aMit Straßenverzeichnis 
039C    $aEnthält $t[Karte] Kudowa-Zdrój 
039C    $aEnthält $t[Karte] Duszniki-Zdrój 
039C    $aEnthält $t[Karte] Polanica-Zdrój 
039C    $aEnthält $t[Karte] Ziemia Kłodzka 
044K    $RBad Kudowa $#Bad Kudowa $71096779-5 $8Kudowa Zdrój [Tg1] $9042323339 
044K    $RReinerz $#Duszniki-Zdrój $#Duezniki-Zdroj $#Reinerz Duszniki Zdrój $#Bad Reinerz Duszniki Zdrój $74103654-2 $8Duszniki Zdrój [Tg1] $9085303801 
044K    $RBad Altheide $RPowiat Kłodzki $RWoiwodschaft Niederschlesien $#Bad Altheide $#Starý Bor $72066401-1 $8Polanica-Zdrój [Tg1] $9043124577 
044K    $#Staat Glatz $#Glatz Grafschaft $#Hrabství kladské $#Kladsko $#Hrabstwo kłodzkie $#Ziemia kłodzka $#Glatzer Land $74021197-6 $8Grafschaft Glatz [Tg1] $9085051632 
045F    $a910.9438090512 $eDDC23BSB 
045F/01 $a910 
045F/03 $f090512 
045F/03 $g438 
046L    $aLegende Polnisch, Englisch, Deutsch und Tschechisch 

lok: 49659185 24

exp: 49659185 24 1 #EPN
201B/01 $008-07-22 $t09:52:54.000 
201C/01 $008-07-22 
201U/01 $0utf8 
203@/01 $0120481046X 
208@/01 $a08-07-22 $bz 
209A/01 $aK 14 VIII K 58 $dd $f050 $hK 14 8 K 58 $x00 
209C/01 $aK 2022.00135 K $h22 00135 K 
220C/01 $awei 
247C/01 $8358050-7 Marburg, Bibliothek des Herder-Instituts Marburg $9102600961
LEADER 00000cem a2200000 c 4500
001 496591851
003 DE-603
005 20231024145547.0
007 a|||||||
008 220708s2019 xx |||||| a || | ||pol c
020 |a 9788361157281 
020 |a 836115728X 
020 |z 9788361157083 
035 |a (DE-599)HEB496591851 
035 |a (OCoLC)1129869871 
040 |a DE-603  |b ger  |c DE-603  |d DE-603  |e rda 
041 |a pol  |a eng  |a cze  |a ger 
082 0 4 |8 1\u  |a 910.9438090512  |q DE-101  |2 23/BSB 
085 |8 1\u  |b 910 
085 |8 1\u  |z 1  |s 090512 
085 |8 1\u  |z 2  |s 438 
245 0 0 |a Kudowa-Zdrój, Duszniki-Zdrój, Polanica-Zdrój  |b plany miast : city maps : Stadtpläne : městské plány  |c redakcja: Krzysztof Marciniak 
255 |a 1:12 000-1:350 000 
264 1 |a Wrocław  |b Wydawnictwo Kartograficzne EKO-GRAF  |c 2019/2020 
300 |a 4 Karten auf 1 Blatt  |b beidseitig, farbig  |c 48 x 68 cm, gefaltet 24 x 13 cm 
336 |a kartografisches Bild  |b cri  |2 rdacontent 
337 |a ohne Hilfsmittel zu benutzen  |b n  |2 rdamedia 
338 |a Blatt  |b nb  |2 rdacarrier 
500 |a Mit touristischen Informationen 
500 |a Enthält Nebenkarten: Kudowa-Zdrój (centrum), 1:6 500; Duszniki-Zdrój (centrum zdrojowe), 1:6 500; Polanica-Zdrój (centrum), 1:6 500; Zieleniec, 1:12 000 
500 |a Mit Straßenverzeichnis 
546 |a Legende Polnisch, Englisch, Deutsch und Tschechisch 
651 7 |a Kudowa Zdrój  |0 (DE-588)1096779-5  |0 (DE-603)042323339  |2 gnd 
651 7 |a Duszniki Zdrój  |0 (DE-588)4103654-2  |0 (DE-603)085303801  |2 gnd 
651 7 |a Polanica-Zdrój  |0 (DE-588)2066401-1  |0 (DE-603)043124577  |2 gnd 
651 7 |a Grafschaft Glatz  |0 (DE-588)4021197-6  |0 (DE-603)085051632  |2 gnd 
655 7 |a Stadtplan  |2 gnd-content  |0 (DE-588)4129845-7  |0 (DE-603)085456683 
655 7 |a Karte  |2 gnd-content  |0 (DE-588)4029783-4  |0 (DE-603)085078743 
700 1 |a Marciniak, Krzysztof B.  |e Mitwirkender  |4 ctb  |0 (DE-603)389501832  |0 (DE-588)1116992515  |2 gnd 
770 0 8 |i Enthält  |t [Karte] Kudowa-Zdrój 
770 0 8 |i Enthält  |t [Karte] Duszniki-Zdrój 
770 0 8 |i Enthält  |t [Karte] Polanica-Zdrój 
770 0 8 |i Enthält  |t [Karte] Ziemia Kłodzka 
924 0 |9 Mb 50  |a (DE-603)120481046X  |b DE-Mb50  |c HES  |d d  |g K 14 VIII K 58